University Home | Library Home | Institutional Repository

Considering wildlife conservation in Zambia at the turn of the millennium / (Record no. 4395)

MARC details
000 -LEADER
fixed length control field 00797cam0a220019300 4500
005 - DATE AND TIME OF LATEST TRANSACTION
control field 20190809124739.0
008 - FIXED-LENGTH DATA ELEMENTS--GENERAL INFORMATION
fixed length control field 071001
035 ## - SYSTEM CONTROL NUMBER
System control number (Sirsi) a152157
090 ## - LOCALLY ASSIGNED LC-TYPE CALL NUMBER (OCLC); LOCAL CALL NUMBER (RLIN)
Classification number (OCLC) (R) ; Classification number, CALL (RLIN) (NR) THESIS (ANTHRO) PH.D. MAN 2004
100 1# - MAIN ENTRY--PERSONAL NAME
Personal name Manspeizer, Ilyssa
245 10 - TITLE STATEMENT
Title Considering wildlife conservation in Zambia at the turn of the millennium /
Statement of responsibility, etc. by Ilyssa Manspeizer.
260 ## - PUBLICATION, DISTRIBUTION, ETC.
Place of publication, distribution, etc. New York :
Name of publisher, distributor, etc. Binghamton University,
Date of publication, distribution, etc. 2004
300 ## - PHYSICAL DESCRIPTION
Extent xvii.359p.:
Other physical details ill
502 ## - DISSERTATION NOTE
Dissertation note Thesis (PH.D.)-The Binghamton University, 2004
504 ## - BIBLIOGRAPHY, ETC. NOTE
Bibliography, etc. note Includes bibliographical references.
650 #0 - SUBJECT ADDED ENTRY--TOPICAL TERM
Topical term or geographic name entry element Wildlife conservation -- Zambia
Geographic subdivision Wildlife conservation -- Zambia
Linkage S28152.1
650 #0 - SUBJECT ADDED ENTRY--TOPICAL TERM
Topical term or geographic name entry element Historical -- Zambia
Geographic subdivision Historical -- Zambia
Linkage S90611.1
650 #0 - SUBJECT ADDED ENTRY--TOPICAL TERM
Topical term or geographic name entry element Political -- Zambia
Geographic subdivision Political -- Zambia
Linkage S84929.2
Holdings
Withdrawn status Lost status Damaged status Not for loan Home library Current library Shelving location Total Checkouts Full call number Barcode Date last seen Copy number Price effective from Koha item type
        Main Library Main Library Special collections   THESIS (ANTHRO) PH.D. MAN 2004 33729005506360 08/09/2019 1 08/09/2019 Thesis and Dissertations
© 2026 - The University of Zambia Library - Koha v25.11